A németalföldi művészet bölcselete

Elmentve itt :
Bibliográfiai részletek
Szerző: Taine Hippolyte Adolphe
További közreműködők: Szántó Kálmán
Dokumentumtípus: Könyv
Megjelent: 1888
Kulcsszavak:Művészetelmélet - Németalföld, Művészettörténet - Németalföld
Online Access:http://misc.bibl.u-szeged.hu/25239
LEADER 00592nam a2200157 i 4500
001 misc25239
005 20191111104235.0
008 170916s1888 hu o 0|| zxx d
040 |a SZTE Miscellanea Repozitórium  |b hun 
041 |a zxx 
100 1 |a Taine Hippolyte Adolphe 
245 1 2 |a A németalföldi művészet bölcselete  |h [elektronikus dokumentum] /  |c  Taine Hippolyte Adolphe 
260 |c 1888 
695 |a Művészetelmélet - Németalföld, Művészettörténet - Németalföld 
700 0 1 |a Szántó Kálmán 
856 4 0 |u http://misc.bibl.u-szeged.hu/25239/1/015_025_001-140.pdf  |z Dokumentum-elérés